000 00592nam a2200217 a 4500
001 17564
003 CO-ViMGA
008 141112s2004 ck r 000 u spa d
020 _a9802571857
040 _aCO-ViMGA
_bspa
_cCO-ViMGA
082 _aVELst
100 1 _aVelthuijs, Max
_95546
245 1 0 _aSapo tiene miedo
260 _aCaracas (Venezuela),
_cEkare,
_c1994
300 _a28.p.
590 _aForma de adquisición : Premio - Mincultura
650 1 4 _aANIMALES EN LA LITERATURA
_9853
650 1 4 _aCUENTOS INFANTILES HOLANDESES
650 1 4 _aSOLIDARIDAD
_95547
942 _2ddc
_cBK
999 _c10860
_d10860